Представление документа в формате MARC21

ПолеНазваниеЗначение
  Тип записи a
  Библиографический уровень m
001 Контрольный номер RU\infra-m\znanium\bibl\614830
005 Дата корректировки 20230313235101.3
008 Кодируемые данные 210701s2017 RU g rus u
020 Индекс ISBN __
a ISBN 978-5-369-00086-1
040 Источник каталогиз. __
a Служба первич. каталог. Общество с ограниченной ответственностью «ЗНАНИУМ»
041 Код языка издания __
a Код языка текста rus
044 Код страны публикации __
a Код страны публикации RU
080 Индекс УДК __
a Индекс УДК 658(075.8)
084 Индекс другой классификации/Индекс ББК __
2 Источник индекса rubbk
a Индекс другой классификации/Индекс ББК 65.29я73
084 Индекс другой классификации/Индекс ББК __
2 Источник индекса okso
a Индекс другой классификации/Индекс ББК 38.03.01
084 Индекс другой классификации/Индекс ББК __
2 Источник индекса okso
a Индекс другой классификации/Индекс ББК 38.03.05
084 Индекс другой классификации/Индекс ББК __
2 Источник индекса okso
a Индекс другой классификации/Индекс ББК 38.03.06
084 Индекс другой классификации/Индекс ББК __
2 Источник индекса okso
a Индекс другой классификации/Индекс ББК 38.03.07
084 Индекс другой классификации/Индекс ББК __
2 Источник индекса okso
a Индекс другой классификации/Индекс ББК 38.03.02
084 Индекс другой классификации/Индекс ББК __
2 Источник индекса okso
a Индекс другой классификации/Индекс ББК 38.03.04
084 Индекс другой классификации/Индекс ББК __
2 Источник индекса okso
a Индекс другой классификации/Индекс ББК 38.03.03
084 Индекс другой классификации/Индекс ББК __
2 Источник индекса okso
a Индекс другой классификации/Индекс ББК 00.02.38
084 Индекс другой классификации/Индекс ББК __
2 Источник индекса okso
a Индекс другой классификации/Индекс ББК 38.03.10
100 Автор __
a Автор Без автора
245 Заглавие __
a Заглавие Экономика организации (предприятия)
b Продолж. заглавия Учебно-методическая литература
250 Сведения об издании __
a Основные сведения об издании 1
260 Выходные данные __
a Место издания Москва
b Издательство Издательский Центр РИОР
c Дата издания 2016
300 Физическое описание __
a Объем 122 с.
440 Серия __
a Серия Шпаргалка [отрывная]
520 Аннотация __
a Аннотация В шпаргалке в краткой и удобной форме приведены ответы на все основные вопросы предусмотренные государственным образовательным стандартом и учебной программой по дисциплине «Экономика организации».
521 Примеч. о цел. назн. __
a Примеч. о целев. назн. ВО - Бакалавриат
650 Тематические рубрики __
a Основная рубрика Экономика. Бухгалтерский учет. Финансы
x Основная подрубрика Экономика предприятия (фирмы)
856 Электронный адрес документа 4_
a Имя сервера/домена znanium.com
m Помощь ebs_support@infra-m.ru
n Местонахождение сервера НИЦ ИНФРА-М
u URL https://znanium.com/catalog/document?id=24789
856 Электронный адрес документа 41
a Имя сервера/домена znanium.com
d Путь /cover/0614
f Электронное имя 614830.jpg
q Тип электронного формата image/jpeg
u URL https://znanium.com/cover/0614/614830.jpg
911 __
u 0030=https://znanium.com/catalog/document?id=24789
911 __
u 608a=Учебно-методическая литература
u 6082=local
911 __
u 9038=30
911 __
u 951p=s://znanium.com/catalog/document?id=24789&pid=